Państwa z ruchem lewostronnym - Statystyki

Ogólne statystyki
  • Ten quiz został rozwiązany 87 razy
  • Średni wynik to 39 z 54
Statystyki odpowiedzi
Państwo % Poprawnych
Wielka Brytania
100%
Australia
96%
Nowa Zelandia
95%
Republika Południowej Afryki
93%
Irlandia
91%
Japonia
91%
Indonezja
85%
Kenia
85%
Indie
84%
Malezja
82%
Sri Lanka
81%
Malta
80%
Pakistan
80%
Nepal
78%
Tajlandia
78%
Cypr
76%
Lesotho
76%
Eswatini
74%
Uganda
74%
Bhutan
73%
Fidżi
73%
Papua Nowa-Gwinea
73%
Singapur
73%
Tanzania
73%
Zambia
73%
Mozambik
72%
Zimbabwe
72%
Bangladesz
70%
Botswana
70%
Jamajka
70%
Kiribati
70%
Namibia
70%
Nauru
70%
Samoa
69%
Seszele
69%
Wyspy Salomona
69%
Saint Vincent i Grenadyny
68%
Tonga
68%
Tuvalu
68%
Dominika
66%
Saint Lucia
66%
Malediwy
65%
Barbados
64%
Brunei
64%
Mauritius
64%
Bahamy
62%
Grenada
61%
Saint Kitts i Nevis
61%
Trynidad i Tobago
61%
Timor Wschodni
59%
Antigua i Barbuda
57%
Malawi
57%
Gujana
55%
Surinam
54%
Nie znaleziono quizów pasujących do podanych kryteriów
Rozkład punktacji
Procent ludzi z każdym wynikiem
Percentyl według liczby udzielonych odpowiedzi
Twoja historia wyników
Nie rozwiązałeś tego quizu